| 000 | 01832 a2200301 4500 | ||
|---|---|---|---|
| 003 | OSt | ||
| 005 | 20180116192352.0 | ||
| 008 | 120601t xxu||||| |||| 00| 0 eng d | ||
| 010 | _a 2006283956 | ||
| 020 | _a0714845337 | ||
| 020 | _a9780714845333 | ||
| 035 | _a(OCoLC)ocm63658187 | ||
| 040 | _c0 | ||
| 082 | 0 | 4 | _a709.22 |
| 245 | 0 | 0 |
_aPressplay : _bcontemporary artists in conversation. |
| 246 | 3 | _aPress play | |
| 246 | 3 | _aContemporary artists in conversation | |
| 260 |
_aLondon ; _aNew York : _bPhaidon, _c2005 |
||
| 300 |
_a714 p., [96] p. of plates : _bill. (some col.) ; _c26 cm. |
||
| 500 | _a"Drawing together the complete Phaidon interviews with artists since 1995"--Cover flap. | ||
| 500 | _aIncludes index. | ||
| 505 | 0 | _aVito Acconci -- Doug Aitken -- Uta Barth -- Christian Boltanski -- Louise Bourgeois -- Cai Guo-Qiang -- Maurizio Cattelan -- Vija Celmins -- Richard Deacon -- Mark Dion -- Stan Douglas -- Marlen Dumas -- Jimmie Durham -- Olafur Eliasson -- Peter Fischli and David Weiss -- Tom Friedman -- Isa Genzken -- Antony Gormley -- Dan Graham -- Paul Graham -- Hans Haacke -- Mona Hatoum -- Thomas Hirschhorn -- Jenny Holzer -- Roni Horn -- Ilya Kabakov -- Alex Katz -- Mike Kelley -- Mary Kelly -- William Kentridge -- Yayoi Kusama -- Robert Mangold -- Christian Marclay -- Paul McCarthy -- Cildo Meireles -- Lucy Orta -- Raymond Pettibon -- Richard Prince -- Pipilotti Rist -- Doris Salcedo -- Thomas Schütte -- Lorna Simpson -- Nancy Spero -- Jessica Stockholder -- Wolfgang Tillmans -- Luc Tuymans -- Jeff Wall -- Gillian Wearing -- Lawrence Weiner -- Franz West. | |
| 650 | 1 | 0 |
_aArtists _93697 |
| 650 | 1 | 0 |
_aArt, Modern _y20th century. _93698 |
| 650 | 1 | 0 |
_aArtists _93699 |
| 942 |
_aSADA _cBK _k709.22 PRE 2005 _2ddc |
||
| 999 |
_c352967 _d352967 |
||